[Event "ch-RUS Rapid Women"]
[Site "Olginka RUS"]
[Date "2011.04.26"]
[Round "9"]
[White "Girya, Olga"]
[Black "Fominykh, Maria"]
[Result "1-0"]
[WhiteTitle "WGM"]
[BlackTitle "WIM"]
[WhiteElo "2425"]
[BlackElo "2303"]
[WhiteFideId "4195752"]
[BlackFideId "4142411"]
[EventDate "2011.04.25"]

1. d4 d6 2. Nf3 Nf6 3. c4 g6 4. Nc3 Bg7 5. e4 O-O 6. h3 e5 7. d5 Na6 8. Bg5 Qe8
9. g4 Nc5 10. Nd2 a5 11. Qc2 c6 12. Nb3 Nxb3 13. axb3 cxd5 14. cxd5 Bd7 15. Bd3
b5 16. Qe2 b4 17. Nd1 Qb8 18. Ne3 a4 19. Qf3 Qd8 20. bxa4 Rxa4 21. O-O h6 22.
Bh4 g5 23. Bg3 Qb6 24. Rxa4 Bxa4 25. Qe2 Rc8 26. f3 Nd7 27. Bf2 Nc5 28. Bc4 Bf8
29. Nf5 Qb8 30. Ra1 Qc7 31. Kh2 Bd7 32. Ne3 Qb8 33. b3 Be7 34. Qd2 Bd8 35. Nf5
Kh7 36. Be3 f6 37. Ng3 Rc7 38. Ra2 Na4 39. Nf5 Nc3 40. Ra6 Rxc4 41. bxc4 b3 42.
Ra7 Bc7 43. Rxc7 Qxc7 44. Qxc3 Qb8 45. Qb2 Qb4 46. Nxd6 Ba4 47. c5 Qe1 48. Bf2
Qd1 49. c6 Qc2 50. Qxc2 bxc2 51. Be3 Kg6 52. c7 Bd7 53. c8=Q 1-0

[Event "ch-RUS Rapid Women"]
[Site "Olginka RUS"]
[Date "2011.04.26"]
[Round "9"]
[White "Sukhareva, Evgeniya"]
[Black "Kabanova, Ekaterina"]
[Result "1-0"]
[BlackTitle "WFM"]
[WhiteElo "2180"]
[BlackElo "2190"]
[WhiteFideId "4167155"]
[BlackFideId "24112917"]
[EventDate "2011.04.25"]

1. d4 c5 2. d5 e5 3. e4 a6 4. a4 b6 5. g3 d6 6. Nc3 Ne7 7. Bg2 Ng6 8. h3 Be7 9.
Nf3 O-O 10. O-O Nd7 11. Be3 Rb8 12. Qe2 Re8 13. Nd2 Kh8 14. Kh2 Qc7 15. Rg1 Bf6
16. f4 exf4 17. gxf4 Bd4 18. Nf3 Bxc3 19. bxc3 Nf6 20. Nd2 b5 21. axb5 Rxb5 22.
c4 Rb2 23. Qd3 Qb6 24. Nb3 Bd7 25. Bc1 Rxb3 26. cxb3 Nh5 27. Rf1 Rb8 28. Ra3 Bc8
29. Qf3 Nf6 30. Bb2 Qb4 31. Qc3 Nh5 32. Qe3 Bb7 33. Ra4 Qb6 34. Qc3 Rg8 35. Bc1
Re8 36. Ra2 Qd8 37. Re2 Qh4 38. Qe1 Qe7 39. Qf2 Qc7 40. Bd2 Qb6 41. Qf3 Nf6 42.
Rfe1 Qc7 43. Rg1 Bc8 44. Be1 Nd7 45. Bg3 f6 46. Be1 Qb8 47. Qg3 Ndf8 48. Bf3 Re7
49. Re3 Qc7 50. Bd1 a5 51. Bc2 Ba6 52. Rc3 Qb8 53. Bd2 a4 54. bxa4 Qb2 55. Rb1
Qa2 56. Qd3 Nd7 57. Ra3 Qxc4 58. Qxc4 Bxc4 59. a5 Ba6 60. Ba4 Ngf8 61. Bb5 Bxb5
62. Rxb5 Rxe4 63. a6 Re8 64. Ba5 Rc8 65. a7 Kg8 66. Bc7 Ra8 67. Bxd6 c4 68. Rb8
Rxa7 69. Rxa7 1-0

[Event "ch-RUS Rapid Women"]
[Site "Olginka RUS"]
[Date "2011.04.26"]
[Round "9"]
[White "Tomilova, Elena"]
[Black "Sukhareva, Valentina"]
[Result "1-0"]
[WhiteTitle "WIM"]
[WhiteElo "2315"]
[BlackElo "1936"]
[WhiteFideId "4162340"]
[BlackFideId "4162331"]
[EventDate "2011.04.25"]

1. d4 f5 2. Nc3 Nf6 3. Bg5 e6 4. f3 h6 5. Bxf6 Qxf6 6. Qd2 d5 7. O-O-O c5 8. e4
cxd4 9. Nb5 Na6 10. exd5 e5 11. f4 Bb4 12. Qf2 e4 13. Nxd4 O-O 14. Bc4 Bc5 15.
Nge2 Bd7 16. Qg3 Rab8 17. Ne6 Rfc8 18. Bb3 Nc7 19. Nxc5 1-0